000 00441pab a2200157 454500
008 180718b1988 xxu||||| |||| 00| 0 eng d
100 _aGrootaert, Christiaan
245 _aTenancy choice and the demand for rental housing in the cities of the Ivory Coast
260 _c1988
300 _a44-63
362 _aJuly
650 _aHousing - Ivory Coast
700 _aJean - Luc Dubois
773 _aJournal of Urban Economics
909 _a9947
999 _c9947
_d9947